| 000 | 01318cam a2200325 i 4500 | ||
|---|---|---|---|
| 001 | 24398 | ||
| 003 | Mx-PuUPA | ||
| 005 | 20251031094151.0 | ||
| 008 | 140415s2024 mx gr 001 0 spa d | ||
| 020 | _a9788411835831 | ||
| 040 |
_cMx-PuUPA _aMx-PuUPA _bspa _dMx-PuUPA _erda |
||
| 041 | 0 | _aspa | |
| 245 | 1 | 3 |
_aLa actualidad de San Agustín : _bestudios sobre la filosofía, antropología y religión / _cRubén Sánchez Muñoz, Jacob Buganza, coordinadores |
| 264 | 1 |
_aCiudad de México : _bLambda Editorial ; _bTirant Humanidades, _c©2024 |
|
| 300 |
_a225 páginas ; _c22 cm |
||
| 336 |
_2rdacontent _atexto _btxt |
||
| 337 |
_2rdamedia _asin medio _bn |
||
| 338 |
_2rdacarrier _avolumen _bnc |
||
| 490 | 0 | _aDiáspora | |
| 600 | 0 | 4 |
_aAgustín _cSanto _xFilosofía y religión |
| 600 | 0 | 4 |
_aAgustín _cSanto _cObispo de Hipona _d354-430 _vCrítica e interpretación |
| 600 | 0 | 4 |
_aAgustín _cSanto _cObispo de Hipona _xTeología filosófica |
| 600 | 0 | 4 |
_aAgustín _cSanto _cObispo de Hipona _d354-430 _xTeología dogmática |
| 700 | 1 |
_aSánchez Muñoz, Rubén, _ecoordinador _96583 |
|
| 700 | 1 |
_aBuganza, Jacob, _ecoordinador |
|
| 942 |
_2ddc _cLI _h230.2092 _iL56 |
||
| 999 |
_c24398 _d24398 |
||